| 000 | 00577nam a2200157 a 4500 | ||
|---|---|---|---|
| 008 | 120416s0000 ||||||||||||||||| || u | ||
| 020 | _a1873788029 | ||
| 050 | _aHF 5415.2 Eps | ||
| 100 | _aEpstein, Scarlett T | ||
| 245 | 1 | 2 | _aA training manual for development market research (DMR) investigators |
| 260 |
_aLondon _bBBC World Service _c1991 |
||
| 300 | _a(111), 76p. | ||
| 350 | _a0.00 | ||
| 700 | _aMytton, Graham | ||
| 995 |
_D0.00 _FCBU-MAIN LIBRARY (Kitwe) _H1 _I10.00 _UAVAILABLE _ZMain Library Open Access Collection |
||
| 999 |
_c60268 _d60268 |
||